Statistics for Top Goat Countries

Click here to take the quiz!

General Stats

  • This quiz has been taken 17 times
  • The average score is 10 of 15

Answer Stats

Goats
(millions)
Country% Correct
137.2China
100%
148.9India
100%
34.0Ethiopia
75%
76.1Pakistan
75%
19.0Indonesia
69%
35.2Kenya
69%
18.1Niger
69%
81.9Nigeria
69%
32.0Sudan
69%
18.9Tanzania
69%
38.8Chad
63%
61.1Bangladesh
56%
26.5Mali
50%
16.7Uganda
38%
29.3Mongolia
25%

Score Distribution

Percentile by Number Answered

Percent of People with Each Score

Your Score History

You have not taken this quiz